000 003330000a22001450004500
005 20120302054447.0
942 _cBOOK
245 _a Kalyan-GoAnka Parishishtaanka:Anka 5
260 _aGorakhpur:Geeta,1949.
300 _a972-1023p.
040 _aHIN
650 _aSankirna
650 _aMaasik-Sankirna
650 _aGoanka-Kalyan
999 _c345691
_d345688